Most downloaded Geometry Dash Medium Demons. - Statistics

General Stats
  • This quiz has been taken 36 times
  • The average score is 6 of 10
Answer Stats
Hint Answer % Correct
Widely known to be the easiest medium demon. B
89%
Famous for having hyphens in its name. -sirius-
86%
Another Serponge level, used in bronze GDDP tier. HeLL
79%
Started the travel trend. Lonely Travel
75%
IIINePtuneIII remake of an insane difficulty RobTop level. Electrodynamix v2
64%
Popular because of the Demon gauntlet. Mechanical Showdown
61%
Serponge’s masterpiece, uses a song by TheFatRat. VeritY
61%
Most downloaded medium demon, and nobody knows why. Theory of SkriLLex
57%
More than 30 creators participated in this level, s a n s. Nantendo
46%
Riot has the top comment. Reanimation
21%
No matching quizzes found
Score Distribution
Percent of People with Each Score
Percentile by Number Answered
Your Score History
You have not taken this quiz